000 00306nam a22001337a 4500
008 181224b xxu||||| |||| 00| 0 eng d
020 _a0131292544
041 _aeng
080 _23rd
_a540
100 _a12
101 _aKIM
245 _aChemistry Experimental Foundations
_cParry,R.W
942 _2udc
_cBK
999 _c53704
_d53704